Memoria del Ministerio de Hacienda presentada a la Honorable Asamblea General : (Record no. 187546)
[ view plain ]
| 000 -LEADER | |
|---|---|
| campo de control de longitud fija | 00685nas a2200205 i 4500 |
| 001 - NÚMERO DE CONTROL | |
| campo de control | 187546 |
| 003 - IDENTIFICADOR DE NÚMERO DE CONTROL | |
| campo de control | ES-MaACL |
| 005 - FECHA Y HORA DE LA ÚLTIMA TRANSACCIÓN | |
| campo de control | 20250217134924.0 |
| 008 - DATOS DE LONGITUD FIJA--INFORMACIÓN GENERAL | |
| campo de control de longitud fija | 171121d18931894uy ar m | |spa d |
| 022 ## - NÚMERO INTERNACIONAL NORMALIZADO PARA PUBLICACIONES SERIADAS | |
| Número Internacional Normalizado para Publicaciones Seriadas | 9962-3110 |
| 110 1# - ENTRADA PRINCIPAL--NOMBRE DE ENTIDAD CORPORATIVA | |
| Nombre de entidad corporativa o nombre de jurisdicción como elemento de entrada | Uruguay. |
| Unidad subordinada | Ministerio de Hacienda. |
| 9 (RLIN) | 7528 |
| 245 10 - MENCIÓN DEL TÍTULO | |
| Título | Memoria del Ministerio de Hacienda presentada a la Honorable Asamblea General : |
| Resto del título | comprende el ejercicio económico de... |
| 260 ## - PUBLICACIÓN, DISTRIBUCIÓN, ETC. | |
| Lugar de publicación, distribución, etc. | Montevideo : |
| Nombre del editor, distribuidor, etc. | [Ministerio de Hacienda, |
| Fecha de publicación, distribución, etc. | 1893-1894] |
| 300 ## - DESCRIPCIÓN FÍSICA | |
| Extensión | 1 v. ; |
| Dimensiones | 29 cm. |
| 310 ## - PERIODICIDAD ACTUAL | |
| Periodicidad actual | Anual |
| 610 14 - PUNTO DE ACCESO ADICIONAL DE MATERIA--NOMBRE DE ENTIDAD CORPORATIVA | |
| Nombre de entidad corporativa o nombre de jurisdicción como elemento de entrada | Uruguay. |
| Unidad subordinada | Ministerio de Hacienda- |
| Subdivisión de forma | Memorias. |
| 9 (RLIN) | 163822 |
| 852 4# - LOCALIZACIÓN | |
| Ubicación | ES-MaACL |
| Número de control de estantería | T-783-F-3 |
| 866 #0 - MENCIÓN TEXTUAL DE FONDOS--UNIDAD BIBLIOGRÁFICA BÁSICA | |
| Fondos | 1893-94. |
| Estatus retirado | Estado de pérdida | Estado de daño | No para préstamo | Colección | Biblioteca de origen | Biblioteca actual | Ubicación en estantería | Fecha de adquisición | Fuente de adquisición | Total de préstamos | Signatura topográfica completa | Código de barras | Visto por última vez | Precio de reemplazo | Tipo de ítem Koha |
|---|---|---|---|---|---|---|---|---|---|---|---|---|---|---|---|
| Colección de folletos | Biblioteca del Ateneo de Madrid | Biblioteca del Ateneo de Madrid | Depósito folletos | 21/11/2017 | T-783-F-3 | 1198076 | 23/02/2023 | 23/02/2023 | Folleto |
